Estate planning : the new golden opportunities /

Bibliographic Details
Main Author: Holzman, Robert S., 1907-
Format: Book
Language:English
Published: New York, N.Y. : Boardroom Books, [1982]
Subjects:

MARC

Tag First Indicator Second Indicator Subfields
LEADER 00000cam a2200000 a 4500
001 in00001021421
005 20160108100610.0
008 820719s1982 nyu 001 0 eng
010 |a  82012942  
020 |a 0932648312 
035 |a (OCoLC)08669218 
035 |9 AFG2735AM 
040 |a DLC  |c DLC  |d m/c  |d TXA  |d UtOrBLW 
043 |a n-us--- 
049 |a TXAM 
050 0 0 |a KF750  |b .H593 1982 
082 0 |a 343.7305/3  |a 347.30353  |2 19 
100 1 |a Holzman, Robert S.,  |d 1907- 
245 1 0 |a Estate planning :  |b the new golden opportunities /  |c Robert S. Holzman. 
264 1 |a New York, N.Y. :  |b Boardroom Books,  |c [1982] 
264 4 |c ©1982 
300 |a xiv, 238 pages ;  |c 29 cm. 
336 |a text  |b txt  |2 rdacontent 
337 |a unmediated  |b n  |2 rdamedia 
338 |a volume  |b nc  |2 rdacarrier 
500 |a Includes index. 
650 0 |a Estate planning  |z United States. 
650 0 |a Inheritance and transfer tax  |x Law and legislation  |z United States. 
650 0 |a Gifts  |x Taxation  |x Law and legislation  |z United States. 
999 |a MARS 
999 f f |s ece75d9e-aea9-3ae3-9cdf-192613acfdf9  |i 9fb24032-faef-3780-9aa8-f333de728ebd  |t 0 
952 f f |p ric  |a Texas A&M University  |b Rellis Campus  |c Joint Library Facility  |d Remote Storage  |t 0  |e KF750 .H593 1982  |h Library of Congress classification  |i unmediated -- volume  |m A14815356803 
998 f f |a KF750 .H593 1982  |t 0  |l Remote Storage